[Event "COL-ch sf"]
[Site "Pereira"]
[Date "2024.03.30"]
[Round "8"]
[White "Puerta Rendon, Josue"]
[Black "Rodriguez Valencia, Sebastian"]
[Result "0-1"]
[WhiteElo "1763"]
[BlackElo "1894"]
[PlyCount "88"]
[EventDate "2024.03.26"]
[EventType "swiss"]
[EventRounds "11"]
[EventCountry "COL"]
[SourceTitle "CB14_2024"]
[SourceDate "2024.04.01"]
[SourceVersion "1"]
[SourceVersionDate "2024.04.01"]
[SourceQuality "1"]

1. d4 Nf6 2. c4 c5 3. d5 e6 4. Nc3 exd5 5. Nxd5 Nxd5 6. Qxd5 Be7 7. Nf3 h6 8. Bf4 Nc6 9. Ne5 0-0 10. Ng6 Nb4 11. Nxe7+ Qxe7 12. Qd2 Qe4 13. f3 Qxc4 14. e4 Qd4 15. Qxd4 cxd4 16. 0-0-0 Nc6 17. Bb5 f5 18. Bxc6 dxc6 19. Rxd4 c5 20. Rc4 Be6 21. Rc3 fxe4 22. Bd6 Rfd8 23. Bxc5 exf3 24. gxf3 Bxa2 25. b3 a5 26. Bb6 Rd5 27. Re1 Rb5 28. Kb2 Rxb6 29. Kxa2 a4 30. Kb2 axb3 31. Rxb3 Rxb3+ 32. Kxb3 Rf8 33. Re3 Rf4 34. Rd3 b5 35. Kc3 g5 36. Kd2 Rh4 37. Rb3 b4 38. Ke3 Kg7 39. h3 Kf6 40. Rd3 Rxh3 41. Rd6+ Ke5 42. Rb6 g4 43. Rb5+ Kf6 44. Kf4 g3 0-1

[Event "Pereira op"]
[Site "Pereira"]
[Date "2023.09.24"]
[Round "5"]
[White "Jaramillo, Carlos Orlando"]
[Black "Puerta Rendon, Josue"]
[Result "1-0"]
[WhiteElo "1786"]
[BlackElo "1576"]
[PlyCount "49"]
[EventDate "2023.09.23"]
[EventType "swiss"]
[EventRounds "6"]
[EventCountry "COL"]
[SourceTitle "EXT 2024"]
[Source "ChessBase"]
[SourceDate "2023.10.10"]
[SourceVersion "1"]
[SourceVersionDate "2023.10.10"]
[SourceQuality "1"]

1. e3 d5 2. d4 Nf6 3. Bd3 e6 4. Nd2 b6 5. c3 Bb7 6. f4 Ne4 7. Ngf3 Nd7 8. 0-0 Bd6 9. Bxe4 dxe4 10. Ng5 Qf6 11. Ndxe4 Qg6 12. Nxd6+ cxd6 13. Nf3 h5 14. Nh4 Qh6 15. Qe1 g5 16. fxg5 Qxg5 17. e4 Qg7 18. Bf4 Ke7 19. Rd1 Rhg8 20. Bg3 Nf6 21. d5 Rad8 22. dxe6 fxe6 23. e5 Ne4 24. exd6+ Kd7 25. Rf4 1-0

[Event "Pereira op"]
[Site "Pereira"]
[Date "2023.09.23"]
[Round "2"]
[White "Puerta Rendon, Josue"]
[Black "Cardona Marin, Fabio"]
[Result "1-0"]
[WhiteElo "1576"]
[BlackElo "1832"]
[PlyCount "85"]
[EventDate "2023.09.23"]
[EventType "swiss"]
[EventRounds "6"]
[EventCountry "COL"]
[SourceTitle "EXT 2024"]
[Source "ChessBase"]
[SourceDate "2023.10.10"]
[SourceVersion "1"]
[SourceVersionDate "2023.10.10"]
[SourceQuality "1"]

1. d4 Nf6 2. c4 e6 3. g3 Bb4+ 4. Bd2 Qe7 5. a3 Bxd2+ 6. Nxd2 a5 7. Bg2 d6 8. Qb3 Ra7 9. e4 e5 10. Ngf3 0-0 11. 0-0 Nbd7 12. Rac1 b6 13. Qc2 c5 14. dxe5 dxe5 15. Nb1 Ba6 16. b3 Nb8 17. Nc3 Nc6 18. Rfd1 Nd4 19. Nxd4 cxd4 20. Na4 Nd7 21. Bh3 Rb8 22. Bxd7 Rxd7 23. c5 bxc5 24. Qxc5 Be2 25. Rd2 d3 26. Qxa5 Qxa3 27. Qc5 Qxc5 28. Rxc5 f6 29. Rc3 Ra7 30. Kg2 Rb5 31. f3 Kf7 32. Kf2 Rab7 33. Rb2 Ke7 34. Nc5 Rc7 35. b4 Rc8 36. Ke3 Rcb8 37. Na6 Rd8 38. Nc7 Rb7 39. b5 Rd6 40. Nd5+ Kd7 41. Rb4 f5 42. Rbc4 Bxf3 43. Kxf3 1-0

[Event "COL-ch U1700"]
[Site "Pereira"]
[Date "2022.02.19"]
[Round "7"]
[White "Diaz Larrea, Juan Manuel"]
[Black "Puerta Rendon, Josue"]
[Result "1-0"]
[WhiteElo "1692"]
[BlackElo "1406"]
[PlyCount "69"]
[EventDate "2022.02.16"]
[EventType "swiss"]
[EventRounds "9"]
[EventCountry "COL"]
[SourceTitle "CBM 207 Extra"]
[Source "ChessBase"]
[SourceDate "2022.05.31"]
[SourceVersion "1"]
[SourceVersionDate "2022.05.31"]
[SourceQuality "1"]

1. e4 e5 2. Nf3 Nc6 3. Bb5 g6 4. c3 Bg7 5. 0-0 Nge7 6. d4 exd4 7. cxd4 0-0 8. d5 Ne5 9. Nxe5 Bxe5 10. f4 Bg7 11. f5 gxf5 12. exf5 f6 13. d6 Nc6 14. Bf4 cxd6 15. Bc4+ Kh8 16. Bxd6 Qb6+ 17. Kh1 Re8 18. Nc3 Ne5 19. Bb3 Bf8 20. Qh5 Qd8 21. Bc7 Qe7 22. Nd5 Qf7 23. Qh4 Be7 24. Bxe5 fxe5 25. f6 Bd8 26. Ne7 d5 27. Bxd5 Be6 28. Bxe6 Qxe6 29. Ng6+ Kg8 30. Qg5 Bxf6 31. Rxf6 Qxf6 32. Qxf6 hxg6 33. Qxg6+ Kh8 34. Rd1 Re7 35. Qf6+ 1-0

[Event "COL-ch U1700"]
[Site "Pereira"]
[Date "2022.02.18"]
[Round "4"]
[White "Paez, Adolfo"]
[Black "Puerta Rendon, Josue"]
[Result "1/2-1/2"]
[WhiteElo "1687"]
[BlackElo "1406"]
[PlyCount "183"]
[EventDate "2022.02.16"]
[EventType "swiss"]
[EventRounds "9"]
[EventCountry "COL"]
[SourceTitle "CBM 207 Extra"]
[Source "ChessBase"]
[SourceDate "2022.05.31"]
[SourceVersion "1"]
[SourceVersionDate "2022.05.31"]
[SourceQuality "1"]

1. e4 e5 2. Nf3 Nc6 3. Bc4 Bc5 4. Nc3 d6 5. d3 Bg4 6. h3 Bh5 7. g4 Bg6 8. Bg5 Nge7 9. Qd2 Qd7 10. 0-0-0 0-0-0 11. Nd5 Rdf8 12. c3 f6 13. Be3 Na5 14. Bb3 Nxb3+ 15. axb3 Nxd5 16. exd5 Qb5 17. Bxc5 Qxc5 18. c4 e4 19. d4 Qb6 20. Nh4 Qxb3 21. Qc3 Qxc3+ 22. bxc3 Re8 23. Nf5 Bxf5 24. gxf5 e3 25. f3 e2 26. Rde1 Re3 27. Kd2 Rhe8 28. Rh2 Rxf3 29. Rexe2 Rxe2+ 30. Rxe2 Rxh3 31. Rg2 a5 32. Rxg7 b6 33. Rf7 Rh6 34. Kc2 a4 35. Kb2 Rh2+ 36. Ka3 Rh3 37. Kxa4 Rxc3 38. Kb4 Rd3 39. Rxf6 Rxd4 40. Rf7 h5 41. Rh7 h4 42. f6 Rf4 43. f7 Kb7 44. Kb5 Rf5 45. f8Q Rxf8 46. Rxh4 Rf5 47. Rh7 Rf1 48. Kb4 Ra1 49. Re7 Ra5 50. Rg7 Rc5 51. Rh7 b5 52. cxb5 Rxd5 53. Ka5 Rd4 54. Rf7 Rd1 55. Rf8 Rb1 56. Rd8 Rc1 57. Rf8 Rc4 58. Rd8 Ka7 59. Rd7 Kb7 60. Rd8 Rh4 61. Rf8 Rh7 62. Rd8 Re7 63. Kb4 c5+ 64. bxc6+ Kxc6 65. Kc4 Re4+ 66. Kd3 Rh4 67. Ra8 Kd5 68. Ra5+ Ke6 69. Rg5 d5 70. Rg8 Kd6 71. Rd8+ Kc6 72. Ra8 Rb4 73. Rd8 Rb7 74. Kd4 Rb2 75. Kc3 Rb1 76. Kc2 Ra1 77. Kd3 Rd1+ 78. Kc2 Ra1 79. Kd3 Ra3+ 80. Kd4 Ra4+ 81. Kd3 Rh4 82. Kc3 Kc5 83. Rc8+ Kd6 84. Kd3 Kd7 85. Ra8 Ke7 86. Ra6 Re4 87. Rb6 Re6 88. Rb8 Kf6 89. Kd4 Rd6 90. Re8 Rd7 91. Re5 Rb7 92. Rxd5 1/2-1/2

[Event "Central America Carribean-ch U20"]
[Site "Pereira"]
[Date "2021.09.22"]
[Round "2"]
[White "Padilla Ordonez, Daniel Eduardo"]
[Black "Puerta Rendon, Josue"]
[Result "1-0"]
[WhiteElo "1707"]
[BlackElo "1485"]
[PlyCount "55"]
[EventDate "2021.09.21"]
[EventType "swiss"]
[EventRounds "9"]
[EventCountry "COL"]
[SourceTitle "EXT 2023"]
[Source "ChessBase"]
[SourceDate "2022.10.05"]
[SourceVersion "1"]
[SourceVersionDate "2022.10.05"]
[SourceQuality "1"]

1. d4 d5 2. c4 e6 3. Nc3 Nf6 4. Nf3 Nc6 5. Bf4 Bb4 6. e3 Ne4 7. Qc2 Bd7 8. Bd3 Bxc3+ 9. bxc3 Nf6 10. Bg5 h6 11. Bh4 g5 12. Bg3 Nh5 13. Be5 Nxe5 14. Nxe5 Qe7 15. Bg6 Ng7 16. Bxf7+ Kd8 17. cxd5 Nf5 18. Rb1 b6 19. Bxe6 Be8 20. Bxf5 Rf8 21. e4 Qf6 22. Ng4 Qd6 23. e5 Qxd5 24. Be4 Qe6 25. Bxa8 Qxg4 26. Bf3 Qf4 27. Qe4 Qf7 28. Qd5+ 1-0

[Event "COL-ch U16 m sf3"]
[Site "Pereira"]
[Date "2016.05.27"]
[Round "1.13"]
[White "Puerta Rendon, Josue"]
[Black "Ramirez Arias, Jacobo"]
[Result "1/2-1/2"]
[WhiteElo "1504"]
[BlackElo "1456"]
[PlyCount "53"]
[EventDate "2016.05.27"]
[EventType "swiss"]
[EventRounds "6"]
[EventCountry "COL"]
[SourceTitle "EXT 2024"]
[Source "ChessBase"]
[SourceDate "2023.10.10"]
[SourceVersion "1"]
[SourceVersionDate "2023.10.10"]
[SourceQuality "1"]

1. e3 e5 2. f4 d5 3. fxe5 Ne7 4. c3 Ng6 5. d4 Nh4 6. g3 Ng6 7. Nd2 Ne7 8. Bb5+ Nbc6 9. Bxc6+ Nxc6 10. Nb3 b6 11. e4 dxe4 12. Bf4 e3 13. Bxe3 Ne7 14. Qf3 Ng6 15. Ne2 Be7 16. Bf4 Nxf4 17. Nxf4 g5 18. Nd5 Qd7 19. Nf6+ Bxf6 20. exf6 Qe6+ 21. Qe2 Qxe2+ 22. Kxe2 Kd7 23. Kd2 Re8 24. Rae1 Rxe1 25. Rxe1 Bb7 26. Re7+ Kd6 27. Rxf7 1/2-1/2

[Event "Risarald op"]
[Site "Risarald"]
[Date "2015.06.15"]
[Round "6"]
[White "Puerta Rendon, Josue"]
[Black "Hoyos, Camilo"]
[Result "0-1"]
[WhiteElo "1516"]
[BlackElo "1851"]
[PlyCount "114"]
[EventDate "2015.06.12"]
[EventType "swiss"]
[EventRounds "7"]
[EventCountry "COL"]
[SourceTitle "CBM 167 Extra"]
[Source "ChessBase"]
[SourceDate "2015.09.14"]
[SourceVersion "1"]
[SourceVersionDate "2015.09.14"]
[SourceQuality "1"]

1. e4 c5 2. Nf3 e6 3. d4 cxd4 4. Nxd4 a6 5. Be3 Qc7 6. Nc3 Bb4 7. Bd2 Nf6 8. Bd3 Nc6 9. Nxc6 dxc6 10. 0-0 Bc5 11. Qe2 e5 12. Be3 Bxe3 13. Qxe3 0-0 14. f4 Ng4 15. Qg3 Qb6+ 16. Kh1 Qxb2 17. Ne2 exf4 18. Nxf4 Qe5 19. Ne2 Qxg3 20. Nxg3 Be6 21. a4 b5 22. axb5 axb5 23. Nf5 Bxf5 24. exf5 Nf2+ 25. Kg1 Nxd3 26. cxd3 Rfc8 27. Rfc1 Rxa1 28. Rxa1 Kf8 29. Ra6 Rc7 30. g4 Ke7 31. d4 Kd6 32. Kf2 Kd5 33. Ke3 Kc4 34. Rb6 Kc3 35. d5 Re7+ 36. Kf4 cxd5 37. Rxb5 d4 38. Rc5+ Kb4 39. Rd5 Kc4 40. Rd8 d3 41. Rc8+ Kb3 42. Rb8+ Kc2 43. Rc8+ Kd1 44. Kf3 d2 45. Kf2 Re2+ 46. Kf1 Rxh2 47. Rb8 Kc2 48. Rc8+ Kd3 49. Rd8+ Ke3 50. Kg1 Re2 51. Re8+ Kf3 52. Rd8 Re1+ 53. Kh2 d1Q 54. Rxd1 Rxd1 55. g5 f6 56. g6 h6 57. Kh3 Rh1# 0-1

[Event "COL-ch School U11"]
[Site "Ibague"]
[Date "2014.11.22"]
[Round "4.3"]
[White "Puerta Rendon, Josue"]
[Black "Rodriguez Pino, Juan Jose"]
[Result "1-0"]
[WhiteElo "1509"]
[BlackElo "1355"]
[PlyCount "35"]
[EventDate "2014.11.20"]
[EventType "swiss"]
[EventRounds "6"]
[EventCountry "COL"]
[SourceTitle "EXT 2024"]
[Source "ChessBase"]
[SourceDate "2023.10.10"]
[SourceVersion "1"]
[SourceVersionDate "2023.10.10"]
[SourceQuality "1"]

1. e4 c5 2. Nf3 d6 3. Bb5+ Bd7 4. Bxd7+ Qxd7 5. Nc3 f6 6. 0-0 e5 7. d3 Be7 8. Qe2 Nh6 9. Bxh6 gxh6 10. Nh4 0-0 11. f4 Kh8 12. fxe5 fxe5 13. Rxf8+ Bxf8 14. Rf1 Bg7 15. Nf5 Qf7 16. Nxg7 Qxg7 17. Qf3 Qc7 18. Qf8# 1-0